LEADER 01255nam a2200277 i 4500 001 991001413349707536 008 111004s1998 it 100 0 ita d 020 $a8888321527 035 $ab14010641-39ule_inst 040 $aDip.to Studi Giuridici$bita 082 0 $a341.481 245 03$aLa Corte europea dei diritti umani e l'esecuzione delle sue sentenze :$bSIOI, Palazzetto Venezia, Roma, 6-7 giugno 2002 260 $aNapoli :$bEditoriale scientifica,$c2003 300 $a191 p. ;$c24 cm. 440 3$aLa comunitą internazionale.$pQuaderni.$nN. S. ;$v7 500 $aIn testa al front.: Societį italiana per l'organizzazione internazionale 504 $aContiene bibliografia 610 24$aCorte europea dei diritti dell'uomo$xSentenze$vCongressi 650 4$aDiritti dell'uomo$xDiritto costituzionale$vCongressi 710 2 $aSocietą italiana per l'organizzazione internazionale 907 $a.b14010641$b02-04-14$c04-10-11 912 $a991001413349707536 945 $aLE027 341.48 SIOI01.01$g1$i2027000292332$lle027$og$pE10.00$q-$rl$s- $t0$u2$v1$w2$x0$y.i15327085$z04-10-11 996 $aCorte europea dei diritti umani e l'esecuzione delle sue sentenze$966630 997 $aUNISALENTO 998 $ale027$b04-10-11$cm$da $e-$fita$git $h3$i0 LEADER 04125nam 22006732 450 001 9910819711603321 005 20160201060149.0 010 $a1-139-56477-3 010 $a1-316-09009-4 010 $a1-283-57520-5 010 $a1-139-19872-6 010 $a1-139-55123-X 010 $a9786613887658 010 $a1-139-55619-3 010 $a1-139-55249-X 010 $a1-139-54998-7 010 $a1-139-55494-8 035 $a(CKB)2670000000234784 035 $a(EBL)989119 035 $a(OCoLC)811408592 035 $a(SSID)ssj0000704756 035 $a(PQKBManifestationID)11410707 035 $a(PQKBTitleCode)TC0000704756 035 $a(PQKBWorkID)10719681 035 $a(PQKB)11468415 035 $a(UkCbUP)CR9781139198721 035 $a(MiAaPQ)EBC989119 035 $a(Au-PeEL)EBL989119 035 $a(CaPaEBR)ebr10591073 035 $a(CaONFJC)MIL388765 035 $a(EXLCZ)992670000000234784 100 $a20141103d2012|||| uy| 0 101 0 $aeng 135 $aur||||||||||| 181 $ctxt$2rdacontent 182 $cc$2rdamedia 183 $acr$2rdacarrier 200 10$aDemocracy prevention $ethe politics of the U.S.-Egyptian alliance /$fJason Brownlee$b[electronic resource] 210 1$aCambridge :$cCambridge University Press,$d2012. 215 $a1 online resource (xv, 279 pages) $cdigital, PDF file(s) 300 $aTitle from publisher's bibliographic system (viewed on 01 Feb 2016). 311 $a1-107-67786-6 311 $a1-107-02571-0 320 $aIncludes bibliographical references and index. 327 $aCover; Democracy Prevention; Title; Copyright; Dedication; Contents; Preface and Acknowledgments; Introduction; Authoritarianism under Liberal Hegemony; America and the Egyptian Regime; Analytic Framework; Foreign Aid and Regime Survival; Structure of the Book; 1 Peace before Freedom; Limited War; Liberalization; Diplomacy and Dissent; Bilateral Peace; Autumn of Fury; Conclusion; 2 Mubaraks War on Terrorism; State of Emergency; Agreeing to Disagree; Domestic Challengers; Strategic Rents; The New Enemy; Retaliation; Conclusion; 3 The Succession Problem; The War on Terrorism; Pushing Mubarak 327 $aFrom Strain to EstrangementAuthoritarianism on the March; Conclusion; 4 Gaza Patrol; Elections and Double Standards; Annus Horribilis; The Scion and the Spy; Freedom in Reverse; The Gaza Takeover; Return to Diplomacy; Conclusion; 5 Groundswell; Egypts Malcontents; War on Gaza; A New Beginning; The Alternative; The Uprising; Conclusion; Conclusion; Post-Mubarak Authoritarianism; Foreign Relations; Egypt amid the Arab Uprisings; Implications; Close; Notes; Sources; Index 330 $aWhen a popular revolt forced long-ruling Egyptian President Hosni Mubarak to resign on February 11, 2011, US President Barack Obama hailed the victory of peaceful demonstrators in the heart of the Arab World. But Washington was late to endorse democracy - for decades the United States favored Egypt's rulers over its people. Since 1979, the United States had provided the Egyptian regime with more than 60 billion in aid and immeasurable political support to secure its main interests in the region: Israeli security and strong relations with Persian Gulf oil producers. During the Egyptian uprising, the White House did not promote popular sovereignty but instead backed an 'orderly transition' to one of Mubarak's cronies. Even after protesters derailed that plan, the anti-democratic US-Egyptian alliance continued. Using untapped primary materials, this book helps explain why authoritarianism has persisted in Egypt with American support, even as policy makers claim to encourage democratic change. 607 $aUnited States$xForeign relations$zEgypt 607 $aEgypt$xForeign relations$zUnited States 607 $aEgypt$xForeign relations$y1952- 676 $a327.73062 686 $aPOL040020$2bisacsh 700 $aBrownlee$b Jason$f1974-$01110266 801 0$bUkCbUP 801 1$bUkCbUP 906 $aBOOK 912 $a9910819711603321 996 $aDemocracy prevention$93940342 997 $aUNINA